000 00503nam a2200181Ia 4500
005 20250923144351.0
008 008 250917s9999 xx 000 0 eng d
037 _aReference
040 _aDSWL
_beng
_cDSWL
041 _aeng
_2eng
084 _aZQ2, H6
_qDSWL
100 _aMulla, D.F.
_9824170
245 0 _aPrinciples of Hindu law
_cby D.F. Mulla
260 _aCalcutta
_bEastern House
_c1946
300 _a753 p.
942 _cREF
_hZQ2, H6
999 _c1437978
_d1437978